000 00682nam a22002057a 4500
003 LK-CoDNM
005 20241029122044.0
008 241028b |||||||| |||| 00| 0 eng d
040 _aLK-CoDNM
_dLK-CoDNM
_eLK-CoDNM
041 _asin
080 _aප්‍ර.ල
_b4.3
245 _aලක්මිණිපහන - 1898 ජනවාරි 29
_b16 කාණ්ඩය 17වෙනි පත්‍රය
260 _c1897
300 _a2p. : ill , 44 cm
650 _aලක්මිණිපහන - 1898 ජනවාරි 29
650 _a16 කාණ්ඩය 17වෙනි පත්‍රය
650 _a1897
650 _aප්‍ර.ල4.3
942 _cBK
999 _c224421
_d224421